Music Quiz

Random Music or Famous Quiz

Famous... with Mouth-Eyes: Music Edition! Quiz Stats

 Plays Quiz not verified by Sporcle

Challenge
Share
Tweet
Score 0/24 Timer 06:00
0 Plays Today
% Correct
Elvis Presley
99.3%
Justin Bieber
96.8%
Miley Cyrus
96.3%
Ozzy Osbourne
91.3%
Taylor Swift
91.1%
David Bowie
90.7%
Michael Jackson
88.5%
Stevie Wonder
88.4%
Freddie Mercury
87.8%
Elton John
87.4%
Jay-Z
87.3%
Steven Tyler
84.7%
% Correct
Marilyn Manson
83.1%
Katy Perry
82.8%
Alice Cooper
78.7%
ZZ Top
77.9%
Susan Boyle
77.7%
Ringo Starr
77.3%
Tina Turner
76.7%
Sinéad O'Connor
74.7%
Cyndi Lauper
74.2%
Gotye
54.9%
Lady Gaga
49.5%
Chris Martin
40%

You're not logged in!

Compare scores with friends on all Sporcle quizzes.
Join for Free
OR
Log In

You Might Also Like...

Show Comments

Extras

Editor's Pick Dec 16, 2013ReportNominate
Tags:Famous Quiz, eye, Image Quiz, mouth, musician, strange, weird, wtf

Top Quizzes Today


Score Distribution

Your Account Isn't Verified!

In order to create a playlist on Sporcle, you need to verify the email address you used during registration. Go to your Sporcle Settings to finish the process.

Report this User

Report this user for behavior that violates our Community Guidelines.

Details: